000 00329 a2200169 4500
001 175335
020 _a
040 _cMagnum
100 _aGorbachev, Mikhail
240 1 0 _aPerestroika
_lpor
245 1 0 _aPerestroika
300 _a299
362 0 _a1987
440 1 _aModerna
697 _aGEOGRAFIA GERAL
942 _cBK
999 _c175335
_d175335